000 00650nab a2200301Ia 4500
001 1369
008 191123s9999 xx 000 0 und d
041 _aspa
044 _aag
100 _aCaride, Vicente P.,
245 0 _aHoracio Butler
260 _aBuenos Aires :
_b[s.n.],
_c1947.
650 _aARGENTINA
650 _aBUTLER, HORACIO
650 _aPINTURAS
902 _aS
903 _aa
904 _aas
907 _aImpreso
911 _aláminas b/n
912 _a1947
920 _a7, n.35
942 _cANALITICA
999 _c1106
_d1106
490 0 _aArs
550 _aláminas b/n
300 _bláminas b/n